[Event "Messina op 2nd"]
[Site "Messina"]
[Date "2012.08.30"]
[Round "5"]
[White "Mazzaglia, Antonino"]
[Black "Cusmano, Antonello"]
[Result "0-1"]
[WhiteElo "1436"]
[BlackElo "1550"]
[PlyCount "168"]
[EventDate "2012.08.27"]
[EventType "swiss"]
[EventRounds "8"]
[EventCountry "ITA"]
[SourceTitle "EXT 2014"]
[Source "ChessBase"]
[SourceDate "2013.11.20"]
[SourceVersion "1"]
[SourceVersionDate "2013.11.20"]
[SourceQuality "1"]

1. d4 Nf6 2. c4 e6 3. Nc3 d5 4. Bg5 Be7 5. Bxf6 Bxf6 6. e3 c6 7. cxd5 exd5 8. Be2 Bf5 9. Bf3 Nd7 10. Nge2 Nf8 11. Ng3 Bg6 12. Nh5 Ne6 13. Nxf6+ Qxf6 14. 0-0 Ng5 15. Be2 Qe6 16. Bg4 f5 17. Bf3 h5 18. h4 Ne4 19. Bxe4 fxe4 20. Rc1 0-0-0 21. Na4 b6 22. Qc2 Kb7 23. Qb3 Qe7 24. Rc2 Qxh4 25. Rfc1 Rd6 26. Nc5+ Kc7 27. Na6+ Kb7 28. Nb4 Be8 29. a4 a5 30. Na2 Qg5 31. Qa3 Qg6 32. b4 h4 33. b5 h3 34. bxc6+ Bxc6 35. g3 h2+ 36. Kh1 Qg4 37. f4 Qf3+ 38. Rg2 Rhh6 39. Qc3 Rdg6 40. Qe1 Rh3 41. Qf2 Qxf2 42. Rxf2 Rgxg3 43. Rxh2 Rxh2+ 44. Kxh2 Rxe3 45. Nc3 Rf3 46. Nb5 Rxf4 47. Rg1 Bxb5 48. axb5 Rf7 49. Rg5 Rd7 50. Kg3 a4 51. Kf4 a3 52. Rg3 Rc7 53. Rxa3 Rc4 54. Ke5 Rb4 55. Kxd5 Rxb5+ 56. Kxe4 Rg5 57. d5 b5 58. Rf3 Kb6 59. Rf7 Rg1 60. d6 Re1+ 61. Kd5 Rd1+ 62. Ke6 Re1+ 63. Kd7 Kc5 64. Rxg7 Rd1 65. Rg5+ Kb6 66. Rg6 b4 67. Ke7 Kc5 68. Rg5+ Kc6 69. Rg6 b3 70. d7+ Kc7 71. Rg3 Rxd7+ 72. Ke6 Rd6+ 73. Ke5 Rb6 74. Rc3+ Kb7 75. Rc1 b2 76. Rb1 Rb4 77. Kd5 Kb6 78. Kd6 Ka5 79. Kc5 Ka4 80. Kd5 Ka3 81. Kc5 Rb3 82. Kc4 Ka2 83. Rf1 b1Q 84. Rf2+ Rb2 0-1

[Event "ITA-chT A1 34th"]
[Site "Italy"]
[Date "2004.03.07"]
[Round "2"]
[White "Sabia, Corrado"]
[Black "Cusmano, Antonello"]
[Result "1-0"]
[WhiteElo "2148"]
[BlackElo "1612"]
[PlyCount "53"]
[EventDate "2004.03.06"]
[EventType "team"]
[EventRounds "5"]
[EventCountry "ITA"]
[SourceTitle "EXT 2007"]
[Source "ChessBase"]
[SourceDate "2006.11.23"]
[SourceVersion "1"]
[SourceVersionDate "2006.11.23"]
[SourceQuality "1"]

1. e4 c5 2. Nf3 e6 3. d4 cxd4 4. Nxd4 Bc5 5. Nb3 Bb6 6. Bd3 Nc6 7. Nc3 a6 8. Qe2 Ne5 9. Be3 Bc7 10. 0-0-0 Nf6 11. f4 Nxd3+ 12. Rxd3 b5 13. e5 b4 14. exf6 bxc3 15. fxg7 cxb2+ 16. Kb1 Rg8 17. Bd4 Bxf4 18. Qe4 d5 19. Qxf4 Qe7 20. Bf6 Qb7 21. Qd6 Qd7 22. Qe5 Qc6 23. Rc3 Qb6 24. Rc7 Bd7 25. Nc5 Rd8 26. Bxd8 Kxd8 27. Rxd7+ 1-0

[Event "ITA-chT A1 34th"]
[Site "Italy"]
[Date "2004.03.06"]
[Round "1"]
[White "Cusmano, Antonello"]
[Black "Ariete, Gerardo"]
[Result "0-1"]
[WhiteElo "1612"]
[BlackElo "2091"]
[PlyCount "58"]
[EventDate "2004.03.06"]
[EventType "team"]
[EventRounds "5"]
[EventCountry "ITA"]
[SourceTitle "EXT 2007"]
[Source "ChessBase"]
[SourceDate "2006.11.23"]
[SourceVersion "1"]
[SourceVersionDate "2006.11.23"]
[SourceQuality "1"]

1. d4 f5 2. Bf4 Nf6 3. e3 d6 4. c3 c6 5. Nd2 Qc7 6. Ngf3 Nbd7 7. Ng5 Nb6 8. Nb3 e6 9. Nc5 Qe7 10. Nd3 g6 11. Nf3 Bg7 12. h3 0-0 13. Nh2 Nfd5 14. g4 e5 15. dxe5 dxe5 16. Bg3 f4 17. Qb3 fxg3 18. e4 gxh2 19. exd5 cxd5 20. Rxh2 e4 21. Nb4 Be6 22. Nc2 d4 23. c4 d3 24. Ne3 Qc7 25. Rh1 Nxc4 26. Bg2 Qa5+ 27. Kf1 Rxf2+ 28. Kxf2 Qd2+ 29. Kf1 Nxe3+ 0-1